Books of the Protestant Bible Quiz - 1 Minute Sprint - Statistics

General Stats
  • This quiz has been taken 24 times
  • The average score is 21 of 66
Answer Stats
Book % Correct
Genesis
100%
Exodus
90%
Leviticus
90%
Numbers
90%
Deuteronomy
80%
John
70%
Joshua
70%
Ruth
70%
Esther
60%
Luke
60%
Mark
60%
Matthew
60%
1 Kings
50%
2 Kings
50%
Psalms
50%
1 Chronicles
40%
1 Samuel
40%
2 Chronicles
40%
2 Samuel
40%
Acts
40%
Ezra
40%
Isaiah
40%
Job
40%
Jude
40%
Judges
40%
James
30%
Nehemiah
30%
Proverbs
30%
Revelation
30%
Romans
30%
1 Corinthians
20%
1 John
20%
1 Peter
20%
2 Corinthians
20%
Colossians
20%
Ecclesiastes
20%
Ephesians
20%
Galatians
20%
Jonah
20%
Lamentations
20%
Micah
20%
Nahum
20%
Philippians
20%
Song of Solomon
20%
Titus
20%
1 Thessalonians
10%
1 Timothy
10%
2 John
10%
2 Peter
10%
2 Thessalonians
10%
2 Timothy
10%
3 John
10%
Amos
10%
Daniel
10%
Ezekiel
10%
Haggai
10%
Hebrews
10%
Jeremiah
10%
Joel
10%
Philemon
10%
Habakkuk
0%
Hosea
0%
Malachi
0%
Obadiah
0%
Zechariah
0%
Zephaniah
0%
No matching quizzes found
Score Distribution
Percent of People with Each Score
Percentile by Number Answered
Your Score History
You have not taken this quiz